Word Ladder: Detroit Tigers Quiz Stats

 Plays Quiz Updated Mar 2, 2019

Score 0/28 Timer 02:30
2 Plays Today
Hint Answer % Correct
Clocks are used to tell thisTIME
97.3%
Small round, green citrus fruitLIME
96.2%
Used for untangling or arranging hairCOMB
95.8%
Body part between the head and the torsoNECK
95.3%
Tiny insects that feed on human scalp bloodLICE
94.8%
Where the dead are buriedTOMB
94.5%
Cereal grain commonly grown for food in AsiaRICE
94.4%
Used as a substitution for cursing, what the _____HECK
94.4%
To gain unauthorized access to computer dataHACK
94.4%
How to eat a lollipop or ice cream coneLICK
93%
Beds stacked on top of each otherBUNK
92.6%
To strike with the footKICK
92%
Good-looking manHUNK
91.6%
★ 2x AL MVP, _____ Greenberg ★★ HANK ★
90.6%
Hint Answer % Correct
★ Former Tigers starting pitcher, ____ Porcello ★★ RICK ★
90.6%
African country, São _____ and PríncipeTOMÉ
90.3%
★ Current right fielder, _____ Castellanos ★★ NICK ★
89.8%
Success or failure brought by chanceLUCK
89.7%
Christmas song, _____ the HallsDECK
87.4%
★ Current Tigers reliever, _____ Farmer ★★ BUCK ★
86.1%
Otis Redding song, Sittin' on the _____ of the BayDOCK
84.8%
Group of wolvesPACK
84.7%
Bite by a bird with its beakPECK
84.3%
★ Georgia Peach, Ty ★★ COBB ★
81.4%
Another word for nerd or geekDORK
79.7%
★ 1984 ALCS MVP, _____ Gibson ★★ KIRK ★
76.3%
Longtime Dallas Mavericks forward, _____ NowitzkiDIRK
76.2%
★ Threw a no-hitter in 1984, _____ Morris ★★ JACK ★
61.8%

Today's Daily Dose

Missing Word
Twenty One Pilots

Word Ladder
Van Halen Song

Quick Pick
'P' Literature

You're not logged in!

Compare scores with friends on all Sporcle quizzes.
OR
Log In

Show Comments

Extras

Top Quizzes Today


Score Distribution

Your Account Isn't Verified!

In order to create a playlist on Sporcle, you need to verify the email address you used during registration. Go to your Sporcle Settings to finish the process.

Report this User

Report this user for behavior that violates our Community Guidelines.

Details: